[Event "15. Offene HH Senioren EM 2008"]
[Site "Hamburg"]
[Date "2008.11.02"]
[Round "7.1"]
[White "Hawranke, Dietrich"]
[Black "Gollasch, Theo Heinz"]
[Result "1/2-1/2"]
[WhiteElo "2127"]
[BlackElo "2109"]
[PlyCount "49"]
[EventDate "2008.??.??"]
[WhiteTeam "Pinneberger SC 1932 eV"]
[BlackTeam "Hamburger SK von 1830 eV"]

1. d4 d5 2. Nf3 g6 3. c4 c6 4. cxd5 cxd5 5. Nc3 Nf6 6. Bf4 Nc6 7. e3 a6 8. Be2
Bg7 9. Ne5 O-O 10. Nxc6 bxc6 11. O-O a5 12. Rc1 Bb7 13. Qb3 Ra7 14. Na4 Nd7 15.
Nc5 Nxc5 16. Rxc5 Re8 17. Rfc1 Bf8 18. R5c2 a4 19. Qc3 e6 20. Rb1 Qb6 21. b4 a3
22. Rb3 Rc8 23. Rc1 Ra4 24. Rcb1 Ba6 25. Bxa6 1/2-1/2

[Event "15. Offene HH Senioren EM 2008"]
[Site "Hamburg"]
[Date "2008.11.02"]
[Round "7.2"]
[White "Gehrke, Rolf"]
[Black "Jacoby, Gisbert"]
[Result "1/2-1/2"]
[WhiteElo "2052"]
[BlackElo "2186"]
[PlyCount "46"]
[EventDate "2008.??.??"]
[WhiteTeam "SC Concordia SAbt Palamedes"]
[BlackTeam "Koenigsspr.SC.1984 e.V."]

1. Nf3 d5 2. g3 g6 3. Bg2 Bg7 4. d4 Nf6 5. O-O O-O 6. c4 dxc4 7. Na3 Nc6 8. e3
Nd5 9. Nxc4 Nb6 10. Nce5 Nxe5 11. Nxe5 c5 12. Nf3 Bd7 13. Bd2 Bc6 14. dxc5 Na4
15. Nd4 Bxg2 16. Kxg2 Nxb2 17. Qb3 e5 18. Nf3 e4 19. Nd4 Nd3 20. Qxb7 Nxc5 21.
Qb5 Qd5 22. Bb4 Rfc8 23. Rac1 Bf8 1/2-1/2

[Event "15. Offene HH Senioren EM 2008"]
[Site "Hamburg"]
[Date "2008.11.02"]
[Round "7.3"]
[White "Putzbach, Gerd"]
[Black "Soltau, Achim"]
[Result "1-0"]
[WhiteElo "2297"]
[BlackElo "1950"]
[PlyCount "49"]
[EventDate "2008.??.??"]
[WhiteTeam "Niendorfer TSV 1919 SAbt"]
[BlackTeam "SK Johanneum Eppendorf"]

1. e4 c5 2. Nf3 e6 3. d4 cxd4 4. Nxd4 Nf6 5. Nc3 Nc6 6. Ndb5 d6 7. Bf4 e5 8.
Bg5 a6 9. Na3 b5 10. Bxf6 gxf6 11. Nd5 Bg7 12. c3 Ne7 13. Nxe7 Qxe7 14. Nc2 f5
15. exf5 Bxf5 16. Qf3 Bxc2 17. Qxa8+ Qd8 18. Qxa6 O-O 19. Bxb5 Qg5 20. O-O d5
21. Bd3 Qd2 22. Bxc2 Qxc2 23. Rab1 d4 24. cxd4 exd4 25. Rfd1 1-0

[Event "15. Offene HH Senioren EM 2008"]
[Site "Hamburg"]
[Date "2008.11.02"]
[Round "7.4"]
[White "Weiss, Siegfried"]
[Black "Strenzke, Guenter"]
[Result "0-1"]
[WhiteElo "2056"]
[BlackElo "1976"]
[PlyCount "64"]
[EventDate "2008.??.??"]
[WhiteTeam "Koenigsspr.SC.1984 e.V."]
[BlackTeam "SV Großhansdorf"]

1. e3 d5 2. f4 Nf6 3. Nf3 g6 4. b3 Bg7 5. Bb2 O-O 6. Be2 c5 7. O-O Nc6 8. Ne5
Qc7 9. Nxc6 Qxc6 10. a4 Rd8 11. Bf3 Qb6 12. Na3 Ne4 13. Bxg7 Kxg7 14. d3 Nf6
15. Qe2 Bd7 16. g4 Bc6 17. g5 Ne8 18. Rf2 Nd6 19. c4 Qxb3 20. cxd5 Bxd5 21.
Bxd5 Qxd5 22. Rb1 b6 23. e4 Qd4 24. Nc2 Qxa4 25. f5 Qd7 26. Ne3 Ne8 27. Nd5 Nc7
28. Qb2+ Kg8 29. fxg6 fxg6 30. Rf7 Kxf7 31. Rf1+ Kg8 32. Nxc7 Qxc7 0-1

[Event "15. Offene HH Senioren EM 2008"]
[Site "Hamburg"]
[Date "2008.11.02"]
[Round "7.5"]
[White "Schulz, Hans Juergen"]
[Black "Diehl, Walter"]
[Result "1/2-1/2"]
[WhiteElo "2015"]
[BlackElo "1931"]
[PlyCount "86"]
[EventDate "2008.??.??"]
[WhiteTeam "Hamburger SK von 1830 eV"]
[BlackTeam "Altonaer SK 1873 eV"]

1. e4 c5 2. d4 cxd4 3. c3 dxc3 4. Nxc3 Nc6 5. Bc4 g6 6. Nf3 Bg7 7. O-O a6 8. a4
e6 9. Bg5 Qc7 10. Qe2 Nf6 11. h3 Nh5 12. Rac1 O-O 13. Rfd1 h6 14. Be3 Kh7 15.
Bc5 Re8 16. Bd6 Qa5 17. g4 Nf6 18. e5 Ng8 19. Rb1 f6 20. b4 Qd8 21. Bd3 Nxe5
22. Nxe5 fxe5 23. Qc2 Ne7 24. Bxe7 Rxe7 25. Bxg6+ Kh8 26. Rd6 Qc7 27. Qd3 e4
28. Nxe4 Be5 29. Qe3 Kg7 30. Rc1 Qb8 31. Qd3 Kxg6 32. Ng3+ Kf7 33. Qh7+ Bg7 34.
Rd3 Kf8 35. Rf3+ Rf7 36. Rxf7+ Kxf7 37. Nh5 Qd6 38. Qxg7+ Ke8 39. Nf6+ Kd8 40.
Qh8+ Ke7 41. Qg7+ Kd8 42. Qh8+ Ke7 43. Qg7+ Kd8 1/2-1/2

[Event "15. Offene HH Senioren EM 2008"]
[Site "Hamburg"]
[Date "2008.11.02"]
[Round "7.6"]
[White "Ristic, Sreten"]
[Black "Brueckner, Gerhard"]
[Result "1/2-1/2"]
[WhiteElo "1937"]
[BlackElo "1867"]
[PlyCount "138"]
[EventDate "2008.??.??"]
[WhiteTeam "Altonaer SK 1873 eV"]
[BlackTeam "Pinneberger SC 1932 eV"]

1. Nf3 Nf6 2. c4 c5 3. Nc3 Nc6 4. g3 d6 5. Bg2 e5 6. d3 Be7 7. a3 O-O 8. b3 Rb8
9. Ra2 Nd4 10. e3 Nxf3+ 11. Bxf3 Bh3 12. b4 a6 13. Rb2 b5 14. cxb5 d5 15. bxa6
cxb4 16. axb4 Bxb4 17. Bd2 Bf5 18. a7 Rb7 19. Qa4 Qa8 20. Rxb4 Rxa7 21. Qc2
Bxd3 22. Qxd3 e4 23. Qb1 exf3 24. O-O Qc8 25. Qd1 Qc5 26. Rd4 Ra3 27. Na4 Qb5
28. Bc1 Rb3 29. Qxf3 Ra8 30. Qf4 Rc8 31. Bd2 Ne4 32. Qf5 Qe8 33. Rd1 Nf6 34.
Bb4 Rb8 35. Bd6 Ra8 36. Nc5 Rb2 37. Be5 Raa2 38. Bxf6 Rxf2 39. Qxf2 Rxf2 40.
Kxf2 gxf6 41. Rxd5 Qc6 42. h4 Qb6 43. h5 Kg7 44. g4 Qb2+ 45. R1d2 Qb8 46. Kf3
Qb1 47. Ne4 Qf1+ 48. Rf2 Qb1 49. Ng3 h6 50. Rd7 Qb5 51. Rfd2 Qc6+ 52. R2d5 Qa8
53. Nf5+ Kh7 54. Rxf7+ Kg8 55. Nxh6+ Kh8 56. Rfd7 Qc6 57. e4 Qc3+ 58. Kf4 Qc1+
59. Rd2 Qf1+ 60. Ke3 Qe1+ 61. Kd3 Qf1+ 62. Kc3 Qc1+ 63. Kb4 Qb1+ 64. Kc5 Qc1+
65. Kb6 Qb1+ 66. Kc7 Qc1+ 67. Kd8 Qa3 68. Ke8 f5 69. exf5 Qf8+ 1/2-1/2

[Event "15. Offene HH Senioren EM 2008"]
[Site "Hamburg"]
[Date "2008.11.02"]
[Round "7.7"]
[White "Bahr, Peter"]
[Black "Gette, Viktor"]
[Result "0-1"]
[WhiteElo "2028"]
[BlackElo "1500"]
[PlyCount "102"]
[EventDate "2008.??.??"]
[WhiteTeam "SF Sasel 1947"]
[BlackTeam "Koenigsspr.SC.1984 e.V."]

1. d4 d5 2. Nf3 e6 3. c4 Nf6 4. g3 c6 5. Bg2 dxc4 6. O-O Bd6 7. Qc2 b5 8. e4
Be7 9. Rd1 Qb6 10. Nc3 Bb7 11. b3 cxb3 12. Qxb3 Nbd7 13. Bf4 O-O 14. Ng5 h6 15.
Nxe6 fxe6 16. Qxe6+ Rf7 17. e5 Nf8 18. Qb3 Nd5 19. Be3 Rd8 20. Ne4 Nxe3 21.
fxe3 c5 22. dxc5 Bxc5 23. Rxd8 Bxe3+ 24. Kh1 Qxd8 25. Nd6 Bxg2+ 26. Kxg2 Qd7
27. Rf1 Qc6+ 28. Kh3 Qd7+ 29. g4 Ne6 30. Nxf7 Nf4+ 31. Rxf4 Bxf4 32. Ng5+ Kh8
33. e6 Qe7 34. Nf3 b4 35. Qd5 Qd6 36. Qxd6 Bxd6 37. Nd4 a5 38. g5 hxg5 39. Kg4
Bc7 40. Kf3 Kg8 41. Nc6 Bd6 42. Nxa5 Bxh2 43. Kg4 Bf4 44. Nc6 Bd2 45. Kf5 Kf8
46. Ke5 g4 47. Kd6 Ke8 48. Nd4 g3 49. e7 Bg5 50. Nf5 Bxe7+ 51. Nxe7 g2 0-1

[Event "15. Offene HH Senioren EM 2008"]
[Site "Hamburg"]
[Date "2008.11.02"]
[Round "7.8"]
[White "Schierholz, Guenter"]
[Black "Marquardt, Rolf"]
[Result "1-0"]
[WhiteElo "1871"]
[BlackElo "1778"]
[PlyCount "155"]
[EventDate "2008.??.??"]
[WhiteTeam "Koenigsspr.SC.1984 e.V."]
[BlackTeam "Langenhorner SF 1928"]

1. e4 e6 2. d4 d5 3. Nc3 Bb4 4. e5 Qd7 5. Bd2 Bxc3 6. Bxc3 b6 7. Nf3 Ba6 8. Be2
Bxe2 9. Qxe2 Nc6 10. O-O a5 11. Rfe1 Nge7 12. Rad1 h6 13. Bd2 g5 14. h3 Nf5 15.
c3 O-O-O 16. Nh2 Ng7 17. Ng4 Qe7 18. Nf6 Nb8 19. Rb1 Nd7 20. Qa6+ Kb8 21. a4
Nxf6 22. exf6 Qxf6 23. b4 axb4 24. Rxb4 Rd6 25. Reb1 Qd8 26. a5 Qc8 27. Qb5 Qe8
28. Qd3 Qd8 29. Qg3 Kb7 30. Qd3 Qa8 31. Ra1 Kc8 32. Rba4 b5 33. Qxb5 Qc6 34.
Qxc6 Rxc6 35. a6 Kd7 36. Kf1 Ra8 37. Ke2 f6 38. Kd3 Ra7 39. h4 Nf5 40. hxg5
hxg5 41. Ra5 Nd6 42. g4 Nc4 43. R5a2 Nxd2 44. Kxd2 Rb6 45. Kd3 Kd6 46. Rh1 e5
47. Rha1 c5 48. dxc5+ Kxc5 49. Ra5+ Kd6 50. R1a3 Rc6 51. f3 Rc5 52. R5a4 Kc6
53. c4 dxc4+ 54. Rxc4 Kd5 55. Rxc5+ Kxc5 56. Ke4 Kd6 57. Ra5 Ke6 58. Kd3 Kd6
59. Kc4 Kc6 60. Ra2 Kc7 61. Kc5 Kb8 62. Kd6 Rh7 63. Ke6 Rh6 64. Kf7 Ka7 65. Kg7
Rh3 66. Rf2 Rg3 67. Kxf6 e4 68. fxe4 Rxg4 69. Re2 Kxa6 70. e5 Rf4+ 71. Kxg5 Rf8
72. e6 Kb6 73. e7 Re8 74. Kf6 Kc6 75. Rd2 Kc7 76. Kf7 Rh8 77. e8=Q Rxe8 78.
Kxe8 1-0

[Event "15. Offene HH Senioren EM 2008"]
[Site "Hamburg"]
[Date "2008.11.02"]
[Round "7.9"]
[White "Baumann, Siegfried"]
[Black "Bobzin, Volker"]
[Result "1/2-1/2"]
[WhiteElo "1544"]
[BlackElo "1476"]
[PlyCount "80"]
[EventDate "2008.??.??"]
[WhiteTeam "SK Caissa Rahlstedt"]
[BlackTeam "Schachfreunde Hamburg v. 1934 eV"]

1. e4 e5 2. f4 Qf6 3. fxe5 Qh4+ 4. g3 Qxe4+ 5. Qe2 Qxh1 6. Nf3 b6 7. d4 Bb7 8.
Nbd2 Nc6 9. c3 Nh6 10. d5 Ne7 11. c4 O-O-O 12. Ne4 Nxd5 13. Nf2 Bb4+ 14. Bd2
Bxd2+ 15. Kxd2 Qxf3 16. Qxf3 Nb4 17. Qc3 Nc6 18. Bg2 Rhe8 19. Re1 d6 20. e6
fxe6 21. b4 Nf5 22. a4 a5 23. Nd3 e5 24. Be4 g6 25. Rb1 axb4 26. Nxb4 Na5 27.
Bxb7+ Nxb7 28. Nc6 Rd7 29. a5 Nxa5 30. Nxa5 bxa5 31. Qxa5 Kd8 32. Rb7 Nd4 33.
Rb8+ Ke7 34. Rxe8+ Kxe8 35. Qa8+ Rd8 36. Qd5 Ke7 37. c5 c6 38. cxd6+ Rxd6 39.
Qxe5+ Ne6+ 40. Kc3 Rd5 1/2-1/2

[Event "15. Offene HH Senioren EM 2008"]
[Site "Hamburg"]
[Date "2008.11.02"]
[Round "7.10"]
[White "Voss, Werner"]
[Black "Klinkow, Alexander"]
[Result "1-0"]
[WhiteElo "1857"]
[BlackElo "1617"]
[PlyCount "105"]
[EventDate "2008.??.??"]
[WhiteTeam "SK Caissa Rahlstedt"]
[BlackTeam "SF Wedel"]

1. e4 e6 2. c4 d5 3. cxd5 exd5 4. exd5 Nf6 5. Bb5+ Bd7 6. Bc4 Bd6 7. Nf3 O-O 8.
O-O Bg4 9. d4 Nbd7 10. Nc3 a6 11. Bg5 b5 12. Be2 Nb6 13. h3 Bh5 14. g4 Bg6 15.
Ne5 b4 16. Nxg6 fxg6 17. Ne4 Nbxd5 18. Nc5 Qc8 19. Bc4 Kh8 20. Bxf6 Nxf6 21.
Be6 Qd8 22. Re1 Ng8 23. Ne4 Qh4 24. Qd3 Nf6 25. Nxd6 cxd6 26. Qg3 Qxg3+ 27.
fxg3 g5 28. d5 Rfe8 29. Rac1 Re7 30. Red1 Ne4 31. Rc6 g6 32. Rd4 Nf6 33. Rxd6
a5 34. Rc6 Kg7 35. Rdc4 Rd8 36. R6c5 Ra7 37. Rc7+ Rxc7 38. Rxc7+ Kh6 39. Rc5 a4
40. Rb5 b3 41. axb3 axb3 42. Rxb3 Nxd5 43. Rd3 Re8 44. Bxd5 Re2 45. b4 Rb2 46.
Rb3 Rd2 47. Bf3 Rd6 48. b5 Rb6 49. Kf2 Kg7 50. Ke3 Kf6 51. Kd4 Ke6 52. Kc5 Rb8
53. Bc6 1-0

[Event "15. Offene HH Senioren EM 2008"]
[Site "Hamburg"]
[Date "2008.11.02"]
[Round "7.11"]
[White "Scheinpflug, Michael"]
[Black "Dangelowski, Peter"]
[Result "0-1"]
[WhiteElo "1814"]
[BlackElo "1791"]
[PlyCount "54"]
[EventDate "2008.??.??"]
[WhiteTeam "SF Wedel"]
[BlackTeam "Pinneberger SC 1932 eV"]

1. d4 d5 2. c4 e6 3. Nc3 Nf6 4. Bg5 c6 5. e3 Nbd7 6. Nf3 Be7 7. Rc1 h6 8. Bh4
O-O 9. Bd3 dxc4 10. Bxc4 b5 11. Bd3 a6 12. O-O Bb7 13. Ne4 Rc8 14. Nc5 Nxc5 15.
dxc5 Qd5 16. Qc2 Qd8 17. b4 Nd5 18. Bxe7 Qxe7 19. a3 e5 20. Nd2 Rcd8 21. Ne4
Bc8 22. Nd6 Be6 23. Be4 Qg5 24. Bf5 Rxd6 25. h4 Qxf5 26. e4 Qg6 27. Rfe1 Nf4
0-1

[Event "15. Offene HH Senioren EM 2008"]
[Site "Hamburg"]
[Date "2008.11.02"]
[Round "7.12"]
[White "Stubbe, Werner"]
[Black "Werner, Joern"]
[Result "1-0"]
[WhiteElo "1723"]
[BlackElo "1579"]
[PlyCount "91"]
[EventDate "2008.??.??"]
[WhiteTeam "Niendorfer TSV 1919 SAbt"]
[BlackTeam "SK Wilhelmsburg 1936 eV"]

1. d4 d5 2. Nf3 e6 3. e3 Nf6 4. Bd3 Bd6 5. Nbd2 Nbd7 6. O-O c6 7. e4 dxe4 8.
Nxe4 Nxe4 9. Bxe4 Nf6 10. Bg5 h6 11. Bxf6 Qxf6 12. Qe2 O-O 13. a4 Bd7 14. Ne5
Rad8 15. f4 Bc8 16. Bd3 c5 17. c3 cxd4 18. cxd4 Bc7 19. Rad1 Bb6 20. Kh1 Kh8
21. Qe4 Qf5 22. Qf3 Qf6 23. Ng4 Qh4 24. g3 Qe7 25. Bb1 Rxd4 26. Rxd4 Bxd4 27.
Qd3 f5 28. Qxd4 Rd8 29. Ne5 Kg8 30. Qc3 b5 31. axb5 a6 32. Nc6 Qb7 33. Kg1 Qb6+
34. Kg2 Bb7 35. Kh3 Rd7 36. Ba2 Qxb5 37. Bxe6+ Kh8 38. Bxd7 Qxf1+ 39. Kh4 Qg2
40. h3 Qd5 41. Ne5 Qg8 42. Ng6+ Kh7 43. Bxf5 Qd8+ 44. Ne7+ Kh8 45. Qe5 Bf3 46.
g4 1-0

[Event "15. Offene HH Senioren EM 2008"]
[Site "Hamburg"]
[Date "2008.11.02"]
[Round "7.13"]
[White "Cassens, Erhard Otto"]
[Black "Hermann, Armin"]
[Result "1-0"]
[WhiteElo "1785"]
[BlackElo "1756"]
[PlyCount "99"]
[EventDate "2008.??.??"]
[WhiteTeam "SAbt SV Lurup Hamb. 1923"]
[BlackTeam "Ahrensburger TSV"]

1. f4 d5 2. Nf3 g6 3. d3 Nf6 4. c3 Bg7 5. Qc2 b6 6. e4 dxe4 7. dxe4 Bb7 8. e5
Nfd7 9. Be3 e6 10. Nbd2 Nc6 11. Bb5 a6 12. Be2 Qe7 13. O-O-O O-O-O 14. Nd4 Nxd4
15. cxd4 Kb8 16. Bf3 Bxf3 17. Nxf3 Rc8 18. Rd3 c5 19. d5 exd5 20. Rxd5 f6 21.
Rhd1 Rhd8 22. Qa4 Kc7 23. Qxa6 Ra8 24. Rxd7+ Rxd7 25. Rxd7+ Qxd7 26. Qxa8 Qd3
27. Qa7+ Kc6 28. Bd2 Qc4+ 29. Kd1 Qf1+ 30. Ne1 Bh6 31. Qa4+ Kd5 32. Qb3+ c4 33.
Qf3+ Qxf3+ 34. Nxf3 fxe5 35. fxe5 Bg7 36. Bc3 Bh6 37. Ke2 b5 38. g4 Bf8 39. a3
Bh6 40. h4 Bf8 41. Ng5 h5 42. gxh5 gxh5 43. Kf3 Be7 44. Kf4 Bxg5+ 45. hxg5 h4
46. g6 Ke6 47. Kg4 h3 48. Kxh3 Ke7 49. Kg4 Kf8 50. Kg5 1-0

[Event "15. Offene HH Senioren EM 2008"]
[Site "Hamburg"]
[Date "2008.11.02"]
[Round "7.14"]
[White "Seemann, Hans Siegfried"]
[Black "Lubisch, Gerwalt"]
[Result "1/2-1/2"]
[WhiteElo "1779"]
[BlackElo "1472"]
[PlyCount "62"]
[EventDate "2008.??.??"]
[WhiteTeam "Koenigsspr.SC.1984 e.V."]
[BlackTeam "SVG Blankenese"]

1. e4 e5 2. Nf3 Nc6 3. Bc4 Nf6 4. Nc3 Bc5 5. O-O O-O 6. d3 d6 7. h3 Na5 8. Bg5
h6 9. Bh4 Nxc4 10. dxc4 Be6 11. Nd5 Bxd5 12. cxd5 g5 13. Bg3 Nxe4 14. Bh2 Qd7
15. Qd3 Nf6 16. Nd2 Rae8 17. Rae1 e4 18. Nxe4 Nxe4 19. Rxe4 Rxe4 20. Qxe4 Re8
21. Qd3 f5 22. a3 Re4 23. b3 Qe7 24. Kh1 Re1 25. Bg1 Rxf1 26. Qxf1 Qe5 27. Qd1
a5 28. f3 Bxg1 29. Kxg1 Qe3+ 30. Kf1 Qe5 31. Kf2 h5 1/2-1/2

[Event "15. Offene HH Senioren EM 2008"]
[Site "Hamburg"]
[Date "2008.11.02"]
[Round "7.15"]
[White "Warneke, Perygrin"]
[Black "Raedisch, Peter"]
[Result "0-1"]
[WhiteElo "1352"]
[BlackElo "1817"]
[PlyCount "120"]
[EventDate "2008.??.??"]
[WhiteTeam "SF Sasel 1947"]
[BlackTeam "SF Hamburg eV 1934"]

1. d4 d5 2. Nf3 Nf6 3. c4 dxc4 4. e3 b5 5. a4 c6 6. axb5 cxb5 7. b3 b4 8. bxc4
e6 9. Be2 Be7 10. O-O O-O 11. Nbd2 a5 12. c5 Bb7 13. Qa4 Bc6 14. Bb5 Qd7 15.
Ne5 Bxb5 16. Nxd7 Bxa4 17. Nxf8 Bb5 18. Re1 Kxf8 19. Nf3 Nbd7 20. Bd2 Bc6 21.
Bxb4 axb4 22. Rxa8+ Bxa8 23. Rb1 Bxf3 24. gxf3 Nd5 25. e4 Nf4 26. Rxb4 Ke8 27.
Ra4 Kd8 28. Ra8+ Kc7 29. Ra7+ Kc8 30. Ra8+ Kb7 31. Ra1 Ne2+ 32. Kg2 Nxd4 33.
c6+ Kxc6 34. Ra6+ Nb6 35. Ra7 Bf6 36. Rxf7 Kd6 37. Ra7 Ke5 38. Kg3 Ne2+ 39. Kg4
Nc4 40. Rc7 Nd6 41. Rc5+ Kd4 42. Ra5 Nc4 43. Ra2 Ne5+ 44. Kh3 Ng1+ 45. Kg2
Ngxf3 46. Ra4+ Kd3 47. h3 Nd2 48. f4 Ng6 49. e5 Bh4 50. Ra3+ Ke2 51. Ra4 Bf2
52. h4 Nxh4+ 53. Kh3 Nf5 54. Kg4 h6 55. Ra6 Nd4 56. Kh5 Be3 57. Kg4 Kd3 58. Rd6
Ke4 59. Rd7 Bxf4 60. Rxg7 Bg5 0-1

[Event "15. Offene HH Senioren EM 2008"]
[Site "Hamburg"]
[Date "2008.11.02"]
[Round "7.16"]
[White "Hadenfeldt, Klaus"]
[Black "Zimmermann, Manfred"]
[Result "1-0"]
[WhiteElo "1773"]
[BlackElo "1879"]
[PlyCount "99"]
[EventDate "2008.??.??"]
[WhiteTeam "Hamburger SK von 1830 eV"]
[BlackTeam "Pinneberger SC 1932 eV"]

1. d4 Nf6 2. c4 e6 3. Nc3 Bb4 4. Bd2 O-O 5. Nf3 d5 6. e3 c6 7. Bd3 dxc4 8. Bxc4
Nd5 9. O-O Bd6 10. a3 f5 11. Re1 Nd7 12. e4 fxe4 13. Nxe4 Bf4 14. Neg5 Bxg5 15.
Nxg5 N7f6 16. Nxe6 Bxe6 17. Rxe6 Qd7 18. Qe2 Rfe8 19. Re1 Rxe6 20. Qxe6+ Qxe6
21. Rxe6 Kf7 22. Re5 Rd8 23. h3 Rd7 24. g4 g6 25. Bg5 Ng8 26. Kg2 Kg7 27. Bxd5
Rxd5 28. Rxd5 cxd5 29. Kf3 Kf7 30. Bf4 Ke6 31. Be5 Ne7 32. Ke3 g5 33. f4 gxf4+
34. Bxf4 Ng6 35. Bg3 Ne7 36. b4 a6 37. h4 b5 38. h5 Nc6 39. Bf2 a5 40. Be1 axb4
41. Bxb4 Kf6 42. Kf4 Kf7 43. Bc3 Kg7 44. Kf5 Kf7 45. g5 Ke7 46. Bb4+ Kd7 47.
Bc5 Nd8 48. Kf6 Ne6 49. g6 Nxc5 50. dxc5 1-0

[Event "15. Offene HH Senioren EM 2008"]
[Site "Hamburg"]
[Date "2008.11.02"]
[Round "7.17"]
[White "Zippert, Georg"]
[Black "Horstmann, Axel"]
[Result "1-0"]
[WhiteElo "1929"]
[BlackElo "1581"]
[PlyCount "77"]
[EventDate "2008.??.??"]
[WhiteTeam "SF Hamburg eV 1934"]
[BlackTeam "Hamburger SK von 1830 eV"]

1. e4 c5 2. Nf3 Nc6 3. d4 cxd4 4. Nxd4 g6 5. Be3 Bg7 6. Nc3 Nf6 7. Be2 O-O 8.
O-O d6 9. h3 a6 10. Qd2 Nxd4 11. Bxd4 b5 12. Bf3 Rb8 13. Ne2 Qc7 14. c3 Bb7 15.
Ng3 Rfd8 16. Qe3 Nd7 17. Bxg7 Kxg7 18. Rad1 Ne5 19. Be2 f6 20. f4 Nc4 21. Bxc4
Qxc4 22. Rd4 Qc7 23. Kh1 Rbc8 24. h4 e5 25. Rd2 Qc5 26. Qf3 exf4 27. Qxf4 Qe5
28. Qg4 Kh8 29. Rdf2 Rf8 30. h5 Rg8 31. h6 Rcf8 32. Rf4 Rf7 33. Qf3 Rgf8 34.
Qd3 Bc8 35. Qd4 Qg5 36. R1f3 Qxh6+ 37. Kg1 Qg5 38. Qxd6 Rd7 39. Qxf8# 1-0

[Event "15. Offene HH Senioren EM 2008"]
[Site "Hamburg"]
[Date "2008.11.02"]
[Round "7.18"]
[White "Berking, Bernhard"]
[Black "Keuneke, Hanno"]
[Result "0-1"]
[WhiteElo "1526"]
[BlackElo "1694"]
[PlyCount "116"]
[EventDate "2008.??.??"]
[WhiteTeam "SVG Blankenese"]
[BlackTeam "Langenhorner SF 1928"]

1. c4 Nf6 2. Nc3 g6 3. g3 Bg7 4. Bg2 O-O 5. d3 d6 6. Bg5 h6 7. Bd2 Nc6 8. Qc1
Kh7 9. a3 Nd4 10. Rb1 Nb3 11. Qd1 Nxd2 12. Qxd2 Rb8 13. Nf3 a6 14. b4 Bd7 15.
d4 b5 16. c5 c6 17. e4 dxc5 18. dxc5 Qc7 19. O-O Rbd8 20. Qc2 Ng4 21. Rbd1 Be6
22. Rfe1 Bc4 23. h3 Ne5 24. Nxe5 Bxe5 25. Ne2 Rxd1 26. Rxd1 Rd8 27. Rxd8 Qxd8
28. f4 Bd4+ 29. Kh2 e5 30. Nxd4 exd4 31. e5 Bd5 32. Bxd5 Qxd5 33. Kg1 Qc4 34.
Qxc4 bxc4 35. Kf1 Kg7 36. a4 Kf8 37. Ke2 Ke7 38. g4 Ke6 39. h4 c3 40. Kd3 Kd5
41. a5 Ke6 42. Kc2 f6 43. exf6 Kxf6 44. Kd3 Ke6 45. Kc2 Ke7 46. Kd3 Kd7 47. Kc2
Ke6 48. Kd3 Kd5 49. Kc2 Kc4 50. f5 d3+ 51. Kd1 gxf5 52. g5 hxg5 53. h5 g4 54.
h6 g3 55. Ke1 d2+ 56. Ke2 g2 57. h7 d1=Q+ 58. Kxd1 g1=Q+ 0-1

[Event "15. Offene HH Senioren EM 2008"]
[Site "Hamburg"]
[Date "2008.11.02"]
[Round "7.19"]
[White "Funke, Hermann"]
[Black "Kock, Rudolf"]
[Result "1/2-1/2"]
[WhiteElo "1418"]
[BlackElo "1474"]
[PlyCount "80"]
[EventDate "2008.??.??"]
[WhiteTeam "SK Johanneum Eppendorf"]
[BlackTeam "SF Hamburg eV 1934"]

1. e4 c5 2. Nf3 g6 3. c4 Bg7 4. d4 cxd4 5. Nxd4 Qb6 6. Nb3 d6 7. Be3 Qc7 8. Qc2
b6 9. Nc3 Nd7 10. Nd5 Qb8 11. Nd4 Bxd4 12. Bxd4 e5 13. Be3 Bb7 14. Nc3 Ngf6 15.
f3 O-O 16. O-O-O a6 17. Qd2 Rd8 18. Qxd6 Qxd6 19. Rxd6 Ne8 20. Rd2 Nc5 21. Nd5
Bxd5 22. cxd5 Nd6 23. Kb1 Rdc8 24. g4 b5 25. b3 a5 26. Rc2 Na6 27. a3 Rxc2 28.
Kxc2 Rc8+ 29. Kb2 Nc5 30. Be2 a4 31. Bxc5 Rxc5 32. b4 Nc4+ 33. Ka2 Rc8 34. Rc1
Kf8 35. g5 Ke7 36. Bf1 Kd8 37. h4 Nd6 38. Kb2 Rxc1 39. Kxc1 Kc7 40. Kd2 Kb6
1/2-1/2

[Event "15. Offene HH Senioren EM 2008"]
[Site "Hamburg"]
[Date "2008.11.02"]
[Round "7.20"]
[White "Soerens, Meno"]
[Black "Manowski, Werner"]
[Result "1/2-1/2"]
[WhiteElo "1479"]
[BlackElo "1403"]
[PlyCount "37"]
[EventDate "2008.??.??"]
[WhiteTeam "Schachfreunde Hamburg v. 1934 eV"]
[BlackTeam "Langenhorner SF 1928"]

1. e4 c5 2. Nf3 d6 3. d4 cxd4 4. Nxd4 a6 5. Nc3 Nf6 6. Bg5 Nbd7 7. f4 e6 8. Qf3
Be7 9. Bd3 Qc7 10. O-O Qb6 11. Nce2 e5 12. Bh4 exd4 13. Bf2 Qc7 14. Nxd4 Nc5
15. e5 dxe5 16. fxe5 Bg4 17. Qg3 Nxd3 18. cxd3 Nd7 19. Qxg4 1/2-1/2

[Event "15. Offene HH Senioren EM 2008"]
[Site "Hamburg"]
[Date "2008.11.02"]
[Round "7.21"]
[White "Hofmeier, Arthur"]
[Black "Nendza, Jan"]
[Result "0-1"]
[WhiteElo "1420"]
[BlackElo "1467"]
[PlyCount "86"]
[EventDate "2008.??.??"]
[WhiteTeam "Hamburger SK von 1830 eV"]
[BlackTeam "SAbt Gehörlosen SPV 04"]

1. e4 c5 2. Nc3 a6 3. Nf3 e6 4. b3 Nc6 5. Bb2 Nge7 6. Be2 Ng6 7. g3 Be7 8. d3
Bf6 9. Qd2 b6 10. a3 Bb7 11. O-O b5 12. Rab1 d5 13. Rfd1 d4 14. Na2 Nge5 15. c3
Nxf3+ 16. Bxf3 dxc3 17. Bxc3 Bxc3 18. Nxc3 Nd4 19. Bg2 Qe7 20. Ne2 Qf6 21. Nxd4
Qxd4 22. Rbc1 Rc8 23. Kf1 O-O 24. f4 Rfd8 25. Qe2 Rc7 26. Bf3 a5 27. Rc2 Ba6
28. Rcd2 a4 29. b4 cxb4 30. axb4 Rc3 31. e5 Rdc8 32. Rb2 Rc1 33. Rxc1 Rxc1+ 34.
Kg2 Rc3 35. Kh3 Rxd3 36. Rc2 Rc3 37. Rxc3 Qxc3 38. Qg2 Bc8 39. Ba8 Ba6 40. Qc6
Qxc6 41. Bxc6 Bc8 42. Kg4 a3 43. f5 a2 0-1

[Event "15. Offene HH Senioren EM 2008"]
[Site "Hamburg"]
[Date "2008.11.02"]
[Round "7.22"]
[White "Peters, Reiner"]
[Black "Schleu, Günther"]
[Result "1-0"]
[WhiteElo "1457"]
[BlackElo "1254"]
[PlyCount "45"]
[EventDate "2008.??.??"]
[WhiteTeam "SK Caissa Rahlstedt"]
[BlackTeam "Pinneberger SC 1932 eV"]

1. d4 d5 2. Bf4 Nf6 3. e3 e6 4. Nf3 a6 5. Bd3 Nbd7 6. Nbd2 Be7 7. c3 c5 8. h3
c4 9. Bc2 b5 10. a3 Bb7 11. Ne5 Nxe5 12. Bxe5 Bd6 13. Nf3 O-O 14. Qe2 Bxe5 15.
Nxe5 Qe7 16. g4 g6 17. h4 h5 18. gxh5 Nxh5 19. Kd2 Kg7 20. Rag1 Rh8 21. Bxg6
fxg6 22. Nxg6 Qf6 23. Nxh8+ 1-0

[Event "15. Offene HH Senioren EM 2008"]
[Site "Hamburg"]
[Date "2008.11.02"]
[Round "7.23"]
[White "Graffenberger, Marianne"]
[Black "Bartlitz, Heinz"]
[Result "0-1"]
[WhiteElo "1500"]
[BlackElo "1841"]
[PlyCount "86"]
[EventDate "2008.??.??"]
[WhiteTeam "Hamburger SK von 1830 eV"]
[BlackTeam "Bramfelder SK 1947"]

1. e4 d6 2. d4 Nf6 3. Nd2 c6 4. c3 e5 5. Ngf3 Bg4 6. Be2 Qb6 7. O-O Bxf3 8.
Bxf3 Nbd7 9. Nc4 Qc7 10. Re1 d5 11. exd5 Bd6 12. dxe5 Nxe5 13. Nxd6+ Qxd6 14.
Bf4 Nfd7 15. c4 O-O 16. b3 Rae8 17. Be4 Nf6 18. dxc6 Qxd1 19. Raxd1 Nxe4 20.
Bxe5 Rxe5 21. Rd5 Rxd5 22. cxd5 Nd6 23. Re7 bxc6 24. dxc6 Nc8 25. Rd7 Re8 26.
g3 g6 27. c7 Nb6 28. Rd8 Kf8 29. a4 Ke7 30. Rxe8+ Kxe8 31. a5 Nc8 32. f4 f5 33.
Kf2 Kd7 34. Ke3 Kxc7 35. Kd4 Kd6 36. b4 a6 37. Kc3 Na7 38. Kd4 Nb5+ 39. Kc4 Kc6
40. h3 h5 41. h4 Kd6 42. Kd3 Kd5 43. Kc2 Kc4 0-1

[Event "15. Offene HH Senioren EM 2008"]
[Site "Hamburg"]
[Date "2008.11.03"]
[Round "8.1"]
[White "Gollasch, Theo Heinz"]
[Black "Putzbach, Gerd"]
[Result "0-1"]
[WhiteElo "2109"]
[BlackElo "2297"]
[PlyCount "80"]
[EventDate "2008.??.??"]
[WhiteTeam "Hamburger SK von 1830 eV"]
[BlackTeam "Niendorfer TSV 1919 SAbt"]

1. d4 d5 2. g3 e6 3. Bg2 f5 4. Nf3 Bd6 5. b3 c6 6. O-O Nd7 7. c4 Ngf6 8. Nc3
O-O 9. a4 Qe7 10. Ng5 h6 11. Nh3 g5 12. f4 g4 13. Nf2 Ne4 14. Nfxe4 fxe4 15.
Be3 Nf6 16. c5 Bc7 17. b4 h5 18. Qe1 Ne8 19. h4 Ng7 20. Qd2 Nf5 21. Bf2 e3 22.
Bxe3 Nxg3 23. Rfd1 Nf5 24. Bf2 g3 25. Be1 Qxh4 26. e3 Qh2+ 27. Kf1 Nxe3+ 28.
Qxe3 Bxf4 29. Qf3 Bc7 30. Qxf8+ Kxf8 31. Ne2 Bd7 32. Ra3 h4 33. Ng1 Ke7 34. Rf3
Rh8 35. Bh3 e5 36. Bxd7 Kxd7 37. Rd2 Qh1 38. Rf7+ Kc8 39. dxe5 Bxe5 40. Re2 Bd4
0-1